EG Finance (Record no. 82012)
[ view plain ]
| 000 -LEADER | |
|---|---|
| fixed length control field | 00881cab a22002055a 4500 |
| 001 - CONTROL NUMBER | |
| control field | L148968 |
| 008 - FIXED-LENGTH DATA ELEMENTS--GENERAL INFORMATION | |
| fixed length control field | 091208e20091205xxk f 000 0 eng d |
| 035 ## - SYSTEM CONTROL NUMBER | |
| System control number | (Sirsi) u148968 |
| 041 0# - LANGUAGE CODE | |
| Language code of text/sound track or separate title | eng |
| 100 1# - MAIN ENTRY--PERSONAL NAME | |
| Personal name | Norman, Paul |
| 245 00 - TITLE STATEMENT | |
| Title | EG Finance |
| 260 ## - PUBLICATION, DISTRIBUTION, ETC. | |
| Date of publication, distribution, etc. | 2009 |
| 490 ## - SERIES STATEMENT | |
| Series statement | Estates Gazette |
| Volume/sequential designation | (0948) 5 December 2009, 47-55(8) |
| 520 ## - SUMMARY, ETC. | |
| Summary, etc. | Profiles pan-European fund manager Orion Capital Managers. Views real estate debt as a threat to stability of property market in 2010 if banks decided to call in loans and flood the market with property for sale. Whilst according to EPEA/NARETT UK index, UK property shares have doubled on average since March 2009, raises questions about their management and strategy and long term future. Lists largest UK REITS. |
| 590 ## - LOCAL NOTE (RLIN) | |
| Local note | KA |
| 651 #4 - SUBJECT ADDED ENTRY--GEOGRAPHIC NAME | |
| Geographic name | United Kingdom |
| Chronological subdivision | |
| 690 ## - LOCAL SUBJECT ADDED ENTRY--TOPICAL TERM (OCLC, RLIN) | |
| Topical term or geographic name as entry element | PROPERTY |
| 700 1# - ADDED ENTRY--PERSONAL NAME | |
| Personal name | Phillips, Mike |
| 942 ## - ADDED ENTRY ELEMENTS (KOHA) | |
| Suppress in OPAC | 0 |
| Withdrawn status | Lost status | Source of classification or shelving scheme | Damaged status | Not for loan | Home library | Current library | Shelving location | Date acquired | Total Checkouts | Full call number | Barcode | Date last seen | Copy number | Price effective from | Koha item type |
|---|---|---|---|---|---|---|---|---|---|---|---|---|---|---|---|
| Dewey Decimal Classification | London | London | Journal article | 08/12/2009 | L148968 | 148968-1001 | 06/08/2019 | 1 | 06/08/2019 | Journal article |